000
00335nam a2200121 a 4500
005
20140414093836.0
008
030611s19uu xx 00 eng d
050
_a
CDR 770
_b
PHO 1995
245
_a
Photo CD Gallery #1 :
_b
2200 high-quality stunning photos on CD-ROM.
650
_a
Photography files.
942
_c
AVM
999
_c
109043
_d
109043